| 000 | 00914nam a2200265 a 4500 | ||
|---|---|---|---|
| 001 | 25199 | ||
| 003 | CO-ViMGA | ||
| 005 | 20230915232046.0 | ||
| 008 | 141112s2004 ck r 000 u spa d | ||
| 020 | _a9788426377777 | ||
| 040 |
_aCO-ViMGA _bspa _cCO-ViMGA |
||
| 041 | _aspa bel | ||
| 043 | _ae - be - - - | ||
| 090 | _aSLEm | ||
| 100 | 1 |
_aSlegers, Liesbet. _938371 |
|
| 245 | 1 | 0 |
_aMira qué patas / _cLiesbet Slegers ; traducido y editado por Celia Turrión. |
| 260 |
_aMadrid : _bEditorial Luis Vives, _c2011. |
||
| 300 | _a[16] p. : il. ; 19 cm. | ||
| 490 | _aAnimales juguetones | ||
| 650 | 1 | 4 |
_aJuguetes y libros móviles. _92502 |
| 700 | 1 |
_aTurrión, Celia, tr. _938372 |
|
| 942 |
_2ddc _cBK |
||
| 999 |
_c32826 _d32826 |
||